[Event "Campeonato España Sub 16"]
[Site "Salobreña"]
[Date "2017.07.24"]
[Round "2"]
[White "Represa Perez, Mireya"]
[Black "Gomez Sanjuan, Hector Fernando"]
[Result "1/2-1/2"]
[Board "12"]
[WhiteClock "1:30"]
[WhiteTitle "WFM"]
[WhiteElo "1974"]
[WhiteCountry "ESP"]
[WhiteFideId "32010036"]
[WhiteEloChange "6"]
[BlackClock "1:30"]
[BlackElo "2189"]
[BlackCountry "ESP"]
[BlackFideId "22274960"]
[BlackEloChange "-6"]

1. e4 {[%clk 1:30:00]} e6 {[%clk 1:30:00]} 2. Nc3 {[%clk 1:31:00]} d5 {[%clk
1:29:00]} 3. Nf3 {[%clk 1:31:00]} dxe4 {[%clk 1:26:00]} 4. Nxe4 {[%clk 1:31:00]}
Bd7 {[%clk 1:24:00]} 5. d4 {[%clk 1:32:00]} Bc6 {[%clk 1:24:00]} 6. Bd3 {[%clk
1:32:00]} Nd7 {[%clk 1:23:00]} 7. c3 {[%clk 1:31:00]} Be7 {[%clk 1:20:00]} 8. O-O
{[%clk 1:31:00]} Ngf6 {[%clk 1:20:00]} 9. Ng3 {[%clk 1:31:00]} O-O {[%clk
1:19:00]} 10. Qe2 {[%clk 1:30:00]} b6 {[%clk 1:14:00]} 11. Ne5 {[%clk 1:26:00]}
Bb7 {[%clk 1:09:00]} 12. Rd1 {[%clk 1:18:00]} Qc8 {[%clk 1:01:00]} 13. Bg5 {[%clk
1:01:00]} h6 {[%clk 0:42:00]} 14. Nxd7 {[%clk 0:54:00]} Qxd7 {[%clk 0:42:00]} 15.
Bxf6 {[%clk 0:52:00]} Bxf6 {[%clk 0:41:00]} 16. Nh5 {[%clk 0:51:00]} Qd5 {[%clk
0:35:00]} 17. Nxf6+ {[%clk 0:47:00]} gxf6 {[%clk 0:35:00]} 18. f3 {[%clk
0:46:00]} f5 {[%clk 0:35:00]} 19. Rd2 {[%clk 0:42:00]} Kh7 {[%clk 0:34:00]} 20.
Qe5 {[%clk 0:38:00]} Qxe5 {[%clk 0:30:00]} 21. dxe5 {[%clk 0:38:00]} Rad8 {[%clk
0:30:00]} 22. Rad1 {[%clk 0:38:00]} Kg7 {[%clk 0:28:00]} 23. Bc4 {[%clk 0:33:00]}
Rxd2 {[%clk 0:28:00]} 24. Rxd2 {[%clk 0:33:00]} Bc6 {[%clk 0:28:00]} 25. b4
{[%clk 0:32:00]} Rc8 {[%clk 0:24:00]} 26. Kf2 {[%clk 0:28:00]} b5 {[%clk
0:23:00]} 27. Bb3 {[%clk 0:28:00]} Be8 {[%clk 0:22:00]} 28. Ke3 {[%clk 0:24:00]}
Kf8 {[%clk 0:19:48]} 29. Kf4 {[%clk 0:19:10]} Ke7 {[%clk 0:18:57]} 30. g4 {[%clk
0:17:41]} fxg4 {[%clk 0:19:18]} 31. fxg4 {[%clk 0:18:06]} c5 {[%clk 0:19:07]} 32.
g5 {[%clk 0:14:20]} hxg5+ {[%clk 0:19:31]} 33. Kxg5 {[%clk 0:14:47]} cxb4 {[%clk
0:19:31]} 34. cxb4 {[%clk 0:15:15]} Rc1 {[%clk 0:19:08]} 35. Rd1 {[%clk 0:11:50]}
Rc3 {[%clk 0:19:05]} 36. Re1 {[%clk 0:10:21]} Bc6 {[%clk 0:18:12]} 37. Re2 {[%clk
0:08:20]} Rf3 {[%clk 0:16:37]} 38. Bc2 {[%clk 0:05:57]} Rh3 {[%clk 0:13:18]} 39.
Bb3 {[%clk 0:04:03]} Bd5 {[%clk 0:10:07]} 40. Rc2 {[%clk 0:02:17]} Re3 {[%clk
0:05:33]} 41. Rc7+ {[%clk 0:01:04]} Kf8 {[%clk 0:05:35]} 42. Bxd5 {[%clk
0:00:57]} Rxe5+ {[%clk 0:05:27]} 43. Kg4 {[%clk 0:00:46]} Rxd5 {[%clk 0:05:39]}
44. Rxa7 {[%clk 0:00:51]} Rd4+ {[%clk 0:05:48]} 45. Kg5 {[%clk 0:01:10]} Rxb4
{[%clk 0:05:40]} 46. h4 {[%clk 0:01:26]} Ra4 {[%clk 0:04:46]} 47. Rb7 {[%clk
0:01:36]} Rxa2 {[%clk 0:04:07]} 48. Rxb5 {[%clk 0:02:05]} Kg7 {[%clk 0:04:24]}
49. Rb7 {[%clk 0:00:51]} Ra5+ {[%clk 0:04:38]} 50. Kg4 {[%clk 0:01:10]} Kg6
{[%clk 0:04:53]} 51. h5+ {[%clk 0:00:37]} Kg7 {[%clk 0:01:02]} 52. h6+ {[%clk
0:00:33]} Kxh6 {[%clk 0:01:12]} 53. Rxf7 {[%clk 0:00:57]} Kg6 {[%clk 0:01:39]}
54. Rf4 {[%clk 0:00:56]} e5 {[%clk 0:01:49]} 55. Rb4 {[%clk 0:01:08]} Ra6 {[%clk
0:01:53]} 56. Rc4 {[%clk 0:01:00]} Rf6 {[%clk 0:02:04]} 57. Re4 {[%clk 0:01:04]}
Rf5 {[%clk 0:01:50]} 58. Ra4 {[%clk 0:01:26]} Rg5+ {[%clk 0:01:20]} 59. Kf3
{[%clk 0:01:20]} Kf5 {[%clk 0:01:44]} 60. Rh4 {[%clk 0:01:23]} Rg7 {[%clk
0:01:27]} 61. Ra4 {[%clk 0:00:38]} Rb7 {[%clk 0:01:44]} 62. Ra5 {[%clk 0:00:40]}
Rb3+ {[%clk 0:01:57]} 63. Ke2 {[%clk 0:02:09]} Kf4 {[%clk 0:00:50]} 64. Ra8
{[%clk 0:02:09]} 1/2-1/2

[Event "Campeonato España Sub 16"]
[Site "Salobreña"]
[Date "2017.07.24"]
[Round "2"]
[White "Orantes Taboada, Francisco"]
[Black "Ortin Blanco, Ainhoa"]
[Result "0-1"]
[Board "13"]
[WhiteClock "1:30"]
[WhiteTitle "FM"]
[WhiteElo "2183"]
[WhiteCountry "ESP"]
[WhiteFideId "22274758"]
[WhiteEloChange "-16"]
[BlackClock "1:30"]
[BlackElo "1961"]
[BlackCountry "ESP"]
[BlackFideId "32010117"]
[BlackEloChange "16"]

1. e4 {[%clk 1:30:00]} c5 {[%clk 1:30:00]} 2. c3 {[%clk 1:31:00]} d5 {[%clk
1:31:00]} 3. exd5 {[%clk 1:31:00]} Qxd5 {[%clk 1:31:00]} 4. d4 {[%clk 1:32:00]}
Nc6 {[%clk 1:31:00]} 5. Nf3 {[%clk 1:32:00]} Bf5 {[%clk 1:31:00]} 6. Be2 {[%clk
1:30:00]} cxd4 {[%clk 1:31:00]} 7. cxd4 {[%clk 1:31:00]} Bxb1 {[%clk 1:31:00]} 8.
Rxb1 {[%clk 1:30:00]} e6 {[%clk 1:31:00]} 9. O-O {[%clk 1:28:00]} Nf6 {[%clk
1:31:00]} 10. b3 {[%clk 1:28:00]} Rd8 {[%clk 1:24:00]} 11. Bb2 {[%clk 1:27:00]}
Bd6 {[%clk 1:22:00]} 12. Bc4 {[%clk 1:23:00]} Qa5 {[%clk 1:22:00]} 13. Qe2 {[%clk
1:23:00]} O-O {[%clk 1:12:00]} 14. Ne5 {[%clk 1:17:00]} Bxe5 {[%clk 1:10:00]} 15.
dxe5 {[%clk 1:17:00]} Rd2 {[%clk 1:09:00]} 16. Qf3 {[%clk 1:08:00]} Nxe5 {[%clk
0:57:00]} 17. Qg3 {[%clk 1:08:00]} Ng6 {[%clk 0:53:00]} 18. Bc3 {[%clk 1:08:00]}
Qd8 {[%clk 0:48:00]} 19. Bxd2 {[%clk 1:07:00]} Qxd2 {[%clk 0:48:00]} 20. Qc7
{[%clk 1:05:00]} Ng4 {[%clk 0:34:00]} 21. h3 {[%clk 1:04:00]} N4e5 {[%clk
0:34:00]} 22. Qxb7 {[%clk 1:05:00]} Qxa2 {[%clk 0:33:00]} 23. Ra1 {[%clk
1:03:00]} Qc2 {[%clk 0:33:00]} 24. Rac1 {[%clk 1:04:00]} Qf5 {[%clk 0:29:00]} 25.
Qxa7 {[%clk 0:59:00]} Nf3+ {[%clk 0:25:00]} 26. Kh1 {[%clk 0:56:00]} Qf4 {[%clk
0:23:00]} 27. g3 {[%clk 0:55:00]} Qf5 {[%clk 0:22:00]} 28. Bxe6 {[%clk 0:52:00]}
fxe6 {[%clk 0:20:00]} 29. g4 {[%clk 0:53:00]} Qf4 {[%clk 0:20:00]} 30. Qc7 {[%clk
0:53:00]} Nge5 {[%clk 0:20:00]} 0-1

[Event "Campeonato España Sub 16"]
[Site "Salobreña"]
[Date "2017.07.24"]
[Round "2"]
[White "Masague Artero, Guerau"]
[Black "Callejas Rojas, Francisco Miguel"]
[Result "0-1"]
[Board "14"]
[WhiteClock "1:30"]
[WhiteElo "1965"]
[WhiteCountry "ESP"]
[WhiteFideId "32098952"]
[WhiteEloChange "-5"]
[BlackClock "1:30"]
[BlackElo "2164"]
[BlackCountry "ESP"]
[BlackFideId "32072503"]
[BlackEloChange "5"]

1. d4 {[%clk 1:30:00]} e6 {[%clk 1:30:00]} 2. c4 {[%clk 1:31:00]} Nf6 {[%clk
1:31:00]} 3. Nc3 {[%clk 1:31:00]} Bb4 {[%clk 1:31:00]} 4. e3 {[%clk 1:31:00]} b6
{[%clk 1:32:00]} 5. Bd3 {[%clk 1:31:00]} Bb7 {[%clk 1:32:00]} 6. f3 {[%clk
1:30:00]} c5 {[%clk 1:27:00]} 7. a3 {[%clk 1:30:00]} cxd4 {[%clk 1:24:00]} 8.
axb4 {[%clk 1:29:00]} dxc3 {[%clk 1:24:00]} 9. bxc3 {[%clk 1:29:00]} Nc6 {[%clk
1:09:00]} 10. Ne2 {[%clk 1:27:00]} Ne5 {[%clk 1:07:00]} 11. Nd4 {[%clk 1:24:00]}
a6 {[%clk 0:59:00]} 12. O-O {[%clk 1:13:00]} Qc7 {[%clk 0:52:00]} 13. b5 {[%clk
1:08:00]} a5 {[%clk 0:42:00]} 14. e4 {[%clk 1:01:00]} d6 {[%clk 0:34:00]} 15. Qe2
{[%clk 0:48:00]} Rc8 {[%clk 0:33:00]} 16. Bf4 {[%clk 0:43:00]} Nfd7 {[%clk
0:27:00]} 17. Bxe5 {[%clk 0:39:00]} Nxe5 {[%clk 0:28:00]} 18. Ra4 {[%clk
0:39:00]} O-O {[%clk 0:22:00]} 19. f4 {[%clk 0:38:00]} Nxd3 {[%clk 0:18:16]} 20.
Qxd3 {[%clk 0:38:00]} d5 {[%clk 0:18:20]} 21. exd5 {[%clk 0:35:00]} exd5 {[%clk
0:18:46]} 22. Qg3 {[%clk 0:35:00]} dxc4 {[%clk 0:18:35]} 23. Kh1 {[%clk 0:35:00]}
Be4 {[%clk 0:12:39]} 24. Qg4 {[%clk 0:32:00]} f5 {[%clk 0:10:37]} 25. Qg5 {[%clk
0:30:00]} Rf6 {[%clk 0:10:14]} 26. Ra2 {[%clk 0:30:00]} Rg6 {[%clk 0:09:36]} 27.
Qh5 {[%clk 0:30:00]} Rf8 {[%clk 0:08:50]} 28. Raf2 {[%clk 0:29:00]} Qe7 {[%clk
0:06:11]} 29. Re1 {[%clk 0:28:00]} Bxg2+ {[%clk 0:06:11]} 0-1

[Event "Campeonato España Sub 16"]
[Site "Salobreña"]
[Date "2017.07.24"]
[Round "2"]
[White "Baquedano Coarasa, Pablo"]
[Black "Gonzalvez Tamarit, Ruben"]
[Result "1/2-1/2"]
[Board "15"]
[WhiteClock "1:30"]
[WhiteElo "2151"]
[WhiteCountry "ESP"]
[WhiteFideId "32024991"]
[WhiteEloChange "-5"]
[BlackClock "1:30"]
[BlackElo "1954"]
[BlackCountry "ESP"]
[BlackFideId "32041764"]
[BlackEloChange "5"]

1. d4 {[%clk 1:30:00]} Nf6 {[%clk 1:30:00]} 2. c4 {[%clk 1:31:00]} e6 {[%clk
1:31:00]} 3. Nc3 {[%clk 1:31:00]} Bb4 {[%clk 1:31:00]} 4. e3 {[%clk 1:32:00]} O-O
{[%clk 1:31:00]} 5. Ne2 {[%clk 1:32:00]} c6 {[%clk 1:32:00]} 6. a3 {[%clk
1:33:00]} Ba5 {[%clk 1:32:00]} 7. Bd2 {[%clk 1:32:00]} d5 {[%clk 1:32:00]} 8.
cxd5 {[%clk 1:30:00]} exd5 {[%clk 1:32:00]} 9. Ng3 {[%clk 1:30:00]} Bc7 {[%clk
1:27:00]} 10. Bd3 {[%clk 1:30:00]} Nbd7 {[%clk 1:24:00]} 11. O-O {[%clk 1:22:00]}
Nb6 {[%clk 1:17:00]} 12. Nce2 {[%clk 1:15:00]} Re8 {[%clk 1:14:00]} 13. Qc2
{[%clk 1:05:00]} Ne4 {[%clk 1:00:00]} 14. b3 {[%clk 0:45:00]} Nxd2 {[%clk
0:45:00]} 15. Qxd2 {[%clk 0:45:00]} Nd7 {[%clk 0:44:00]} 16. b4 {[%clk 0:45:00]}
Nf6 {[%clk 0:40:00]} 17. b5 {[%clk 0:42:00]} cxb5 {[%clk 0:37:00]} 18. Bxb5
{[%clk 0:42:00]} Bd7 {[%clk 0:36:00]} 19. Bd3 {[%clk 0:41:00]} Ba5 {[%clk
0:25:00]} 20. Qa2 {[%clk 0:41:00]} Qe7 {[%clk 0:17:08]} 21. Rab1 {[%clk 0:37:00]}
Rab8 {[%clk 0:15:20]} 22. Nf4 {[%clk 0:35:00]} Qd6 {[%clk 0:12:51]} 23. Nf5
{[%clk 0:27:00]} Bxf5 {[%clk 0:13:05]} 24. Bxf5 {[%clk 0:28:00]} b6 {[%clk
0:04:41]} 25. h4 {[%clk 0:19:29]} Re7 {[%clk 0:04:41]} 26. Rfc1 {[%clk 0:18:27]}
g6 {[%clk 0:04:41]} 27. Bh3 {[%clk 0:17:43]} Rbb7 {[%clk 0:04:41]} 28. Rc8+
{[%clk 0:17:42]} Kg7 {[%clk 0:04:41]} 29. Rbc1 {[%clk 0:17:42]} Rbc7 {[%clk
0:04:41]} 30. R1xc7 {[%clk 0:17:42]} Rxc7 {[%clk 0:04:41]} 31. Rxc7 {[%clk
0:17:42]} Qxc7 {[%clk 0:04:41]} 32. Nxd5 {[%clk 0:17:42]} Nxd5 {[%clk 0:04:41]}
33. Qxd5 {[%clk 0:17:42]} Qc1+ {[%clk 0:04:41]} 34. Kh2 {[%clk 0:17:42]} Be1
{[%clk 0:04:41]} 35. Qe5+ {[%clk 0:12:26]} Kg8 {[%clk 0:05:02]} 36. Qb8+ {[%clk
0:06:07]} Kg7 {[%clk 0:05:22]} 37. Qe5+ {[%clk 0:06:33]} Kg8 {[%clk 0:05:50]} 38.
Qf4 {[%clk 0:06:55]} Qxa3 {[%clk 0:04:10]} 39. d5 {[%clk 0:06:46]} Bb4 {[%clk
0:01:14]} 40. e4 {[%clk 0:06:04]} Be7 {[%clk 0:00:47]} 41. e5 {[%clk 0:06:15]}
Qb4 {[%clk 0:00:55]} 42. Qf3 {[%clk 0:05:28]} Qd4 {[%clk 0:00:45]} 43. e6 {[%clk
0:05:12]} f6 {[%clk 0:00:56]} 44. g3 {[%clk 0:04:23]} a5 {[%clk 0:01:06]} 45. h5
{[%clk 0:04:23]} 1/2-1/2

[Event "Campeonato España Sub 16"]
[Site "Salobreña"]
[Date "2017.07.24"]
[Round "2"]
[White "Garcia Escoda, Marc"]
[Black "Martinez Fernandez, Adrian"]
[Result "0-1"]
[Board "16"]
[WhiteClock "1:30"]
[WhiteElo "1959"]
[WhiteCountry "ESP"]
[WhiteFideId "24509655"]
[WhiteEloChange "-6"]
[BlackClock "1:30"]
[BlackElo "2111"]
[BlackCountry "ESP"]
[BlackFideId "32049048"]
[BlackEloChange "6"]

1. e4 {[%clk 1:30:00]} c5 {[%clk 1:30:00]} 2. Nf3 {[%clk 1:31:00]} d6 {[%clk
1:31:00]} 3. Bb5+ {[%clk 1:31:00]} Bd7 {[%clk 1:31:00]} 4. Bxd7+ {[%clk 1:32:00]}
Qxd7 {[%clk 1:31:00]} 5. c4 {[%clk 1:32:00]} Nc6 {[%clk 1:29:00]} 6. O-O {[%clk
1:31:00]} g6 {[%clk 1:27:00]} 7. d4 {[%clk 1:31:00]} cxd4 {[%clk 1:25:00]} 8.
Nxd4 {[%clk 1:32:00]} Bg7 {[%clk 1:26:00]} 9. Be3 {[%clk 1:30:00]} Nf6 {[%clk
1:26:00]} 10. f3 {[%clk 1:31:00]} O-O {[%clk 1:25:00]} 11. Nc3 {[%clk 1:31:00]}
e6 {[%clk 1:23:00]} 12. Nde2 {[%clk 1:23:00]} Rfd8 {[%clk 1:20:00]} 13. Nf4
{[%clk 1:19:00]} Ne7 {[%clk 1:07:00]} 14. Qd2 {[%clk 1:08:00]} Ne8 {[%clk
0:55:00]} 15. Rfd1 {[%clk 1:07:00]} Nc7 {[%clk 0:55:00]} 16. Rac1 {[%clk
1:03:00]} Qe8 {[%clk 0:53:00]} 17. Qf2 {[%clk 1:02:00]} b6 {[%clk 0:52:00]} 18.
b3 {[%clk 0:54:00]} Rd7 {[%clk 0:51:00]} 19. Rd3 {[%clk 0:39:00]} Rad8 {[%clk
0:50:00]} 20. Rcd1 {[%clk 0:38:00]} Bxc3 {[%clk 0:39:00]} 21. Rxc3 {[%clk
0:38:00]} d5 {[%clk 0:40:00]} 22. Rcd3 {[%clk 0:22:00]} dxc4 {[%clk 0:30:00]} 23.
bxc4 {[%clk 0:22:00]} Nc6 {[%clk 0:25:00]} 24. Qb2 {[%clk 0:18:18]} Rxd3 {[%clk
0:20:00]} 25. Rxd3 {[%clk 0:18:47]} Rxd3 {[%clk 0:21:00]} 26. Nxd3 {[%clk
0:19:16]} Qd8 {[%clk 0:21:00]} 27. Qc3 {[%clk 0:17:03]} f6 {[%clk 0:20:00]} 28.
Kf2 {[%clk 0:15:50]} Kf7 {[%clk 0:21:00]} 29. c5 {[%clk 0:14:39]} b5 {[%clk
0:20:00]} 30. a3 {[%clk 0:13:11]} a5 {[%clk 0:19:04]} 31. f4 {[%clk 0:11:59]} Qd7
{[%clk 0:17:08]} 32. Ke2 {[%clk 0:10:01]} h5 {[%clk 0:16:11]} 33. g3 {[%clk
0:10:22]} Na6 {[%clk 0:13:21]} 34. Qb2 {[%clk 0:08:05]} b4 {[%clk 0:12:21]} 35.
axb4 {[%clk 0:07:06]} Naxb4 {[%clk 0:12:40]} 36. Qc3 {[%clk 0:07:07]} Nxd3 {[%clk
0:11:48]} 37. Qxd3 {[%clk 0:07:33]} Qb7 {[%clk 0:12:08]} 38. Bd2 {[%clk 0:06:36]}
f5 {[%clk 0:07:27]} 39. exf5 {[%clk 0:06:03]} gxf5 {[%clk 0:07:55]} 40. Qc4
{[%clk 0:05:03]} Qd7 {[%clk 0:03:39]} 41. Bc3 {[%clk 0:05:05]} Qd5 {[%clk
0:03:04]} 42. Qd3 {[%clk 0:02:26]} Qxc5 {[%clk 0:02:13]} 43. Qd7+ {[%clk
0:02:18]} Ne7 {[%clk 0:02:41]} 44. Be5 {[%clk 0:02:34]} Qc2+ {[%clk 0:02:26]} 45.
Kf3 {[%clk 0:02:52]} Qc6+ {[%clk 0:02:26]} 46. Qxc6 {[%clk 0:02:52]} Nxc6 {[%clk
0:02:26]} 47. Bc3 {[%clk 0:02:52]} Ke7 {[%clk 0:02:26]} 48. h3 {[%clk 0:02:52]}
Kd6 {[%clk 0:02:26]} 49. g4 {[%clk 0:02:52]} fxg4+ {[%clk 0:02:26]} 50. hxg4
{[%clk 0:02:52]} hxg4+ {[%clk 0:02:26]} 51. Kxg4 {[%clk 0:02:52]} a4 {[%clk
0:02:26]} 52. Kg5 {[%clk 0:02:52]} Ne7 {[%clk 0:02:26]} 53. Bb4+ {[%clk 0:02:52]}
Kd7 {[%clk 0:02:26]} 54. Ba3 {[%clk 0:02:52]} Nf5 {[%clk 0:02:26]} 55. Kf6 {[%clk
0:02:52]} Ne3 {[%clk 0:02:26]} 56. Bb2 {[%clk 0:02:52]} Kd6 {[%clk 0:02:26]} 57.
Bd4 {[%clk 0:02:52]} Nf5 {[%clk 0:02:26]} 58. Bb2 {[%clk 0:02:52]} Kd5 {[%clk
0:02:26]} 59. Ba1 {[%clk 0:02:52]} a3 {[%clk 0:02:26]} 60. Bc3 {[%clk 0:02:52]}
a2 {[%clk 0:02:26]} 61. Ba1 {[%clk 0:02:52]} Nd4 {[%clk 0:02:26]} 62. Bb2 {[%clk
0:02:52]} Ke4 {[%clk 0:02:26]} 63. Bc3 {[%clk 0:02:52]} Ne2 {[%clk 0:02:26]} 64.
Ba1 {[%clk 0:02:52]} Nxf4 {[%clk 0:02:26]} 65. Bc3 {[%clk 0:02:52]} Nd5+ {[%clk
0:02:26]} 0-1

[Event "Campeonato España Sub 16"]
[Site "Salobreña"]
[Date "2017.07.24"]
[Round "2"]
[White "Ledesma Claros, Daniel"]
[Black "Fernandez Camello, Alejandro"]
[Result "0-1"]
[Board "17"]
[WhiteClock "1:30"]
[WhiteElo "1940"]
[WhiteCountry "ESP"]
[WhiteFideId "24521558"]
[WhiteEloChange "-6"]
[BlackClock "1:30"]
[BlackElo "2097"]
[BlackCountry "ESP"]
[BlackFideId "32038992"]
[BlackEloChange "6"]

1. e4 {[%clk 1:30:00]} c5 {[%clk 1:30:00]} 2. Nf3 {[%clk 1:31:00]} e6 {[%clk
1:31:00]} 3. c3 {[%clk 1:31:00]} d5 {[%clk 1:31:00]} 4. exd5 {[%clk 1:32:00]}
Qxd5 {[%clk 1:32:00]} 5. d4 {[%clk 1:32:00]} Nf6 {[%clk 1:32:00]} 6. Be2 {[%clk
1:31:00]} Nc6 {[%clk 1:32:00]} 7. O-O {[%clk 1:31:00]} cxd4 {[%clk 1:31:00]} 8.
cxd4 {[%clk 1:32:00]} Be7 {[%clk 1:32:00]} 9. Nc3 {[%clk 1:32:00]} Qd6 {[%clk
1:32:00]} 10. Bg5 {[%clk 1:25:00]} O-O {[%clk 1:32:00]} 11. Qd2 {[%clk 1:22:00]}
Rd8 {[%clk 1:27:00]} 12. Bf4 {[%clk 1:19:00]} Qd7 {[%clk 1:26:00]} 13. Bb5 {[%clk
1:19:00]} Qe8 {[%clk 1:11:00]} 14. Bc7 {[%clk 1:16:00]} Rd7 {[%clk 1:10:00]} 15.
Bxc6 {[%clk 1:16:00]} bxc6 {[%clk 1:11:00]} 16. Ba5 {[%clk 1:16:00]} c5 {[%clk
1:02:00]} 17. Nb5 {[%clk 1:15:00]} Bd8 {[%clk 0:50:00]} 18. Ne5 {[%clk 1:11:00]}
Rd5 {[%clk 0:50:00]} 19. Bxd8 {[%clk 1:10:00]} Qxd8 {[%clk 0:46:00]} 20. Nc6
{[%clk 0:51:00]} Qd7 {[%clk 0:44:00]} 21. Ncxa7 {[%clk 0:51:00]} Ba6 {[%clk
0:36:00]} 22. a4 {[%clk 0:44:00]} Rxa7 {[%clk 0:35:00]} 23. Nxa7 {[%clk 0:43:00]}
Bxf1 {[%clk 0:34:00]} 24. Qa5 {[%clk 0:43:00]} cxd4 {[%clk 0:33:00]} 25. Qb6
{[%clk 0:43:00]} Be2 {[%clk 0:31:00]} 26. Rc1 {[%clk 0:41:00]} h6 {[%clk
0:30:00]} 27. Rc7 {[%clk 0:37:00]} Qxa4 {[%clk 0:28:00]} 28. h4 {[%clk 0:37:00]}
Ng4 {[%clk 0:27:00]} 29. Qb8+ {[%clk 0:35:00]} Kh7 {[%clk 0:27:00]} 30. Rc1
{[%clk 0:35:00]} d3 {[%clk 0:27:00]} 31. Nc8 {[%clk 0:34:00]} d2 {[%clk 0:27:00]}
32. Rf1 {[%clk 0:34:00]} d1Q {[%clk 0:27:00]} 0-1

[Event "Campeonato España Sub 16"]
[Site "Salobreña"]
[Date "2017.07.24"]
[Round "2"]
[White "Garcia Sancho, Josep"]
[Black "Gil Ojeda, Jorge"]
[Result "1-0"]
[Board "18"]
[WhiteClock "1:30"]
[WhiteElo "2092"]
[WhiteCountry "ESP"]
[WhiteFideId "32010168"]
[WhiteEloChange "6"]
[BlackClock "1:30"]
[BlackElo "1936"]
[BlackCountry "ESP"]
[BlackFideId "32005504"]
[BlackEloChange "-6"]

1. c4 {[%clk 1:30:00]} e5 {[%clk 1:30:00]} 2. g3 {[%clk 1:31:00]} Nc6 {[%clk
1:30:00]} 3. Bg2 {[%clk 1:31:00]} f5 {[%clk 1:30:00]} 4. Nc3 {[%clk 1:31:00]} Nf6
{[%clk 1:31:00]} 5. d3 {[%clk 1:32:00]} g6 {[%clk 1:31:00]} 6. e3 {[%clk
1:32:00]} Bg7 {[%clk 1:31:00]} 7. Nge2 {[%clk 1:32:00]} O-O {[%clk 1:31:00]} 8.
O-O {[%clk 1:33:00]} d6 {[%clk 1:31:00]} 9. Rb1 {[%clk 1:33:00]} a5 {[%clk
1:30:00]} 10. b3 {[%clk 1:32:00]} Be6 {[%clk 1:25:00]} 11. Nd5 {[%clk 1:19:00]}
Bxd5 {[%clk 1:18:00]} 12. cxd5 {[%clk 1:19:00]} Ne7 {[%clk 1:18:00]} 13. b4
{[%clk 1:07:00]} b6 {[%clk 0:54:00]} 14. b5 {[%clk 1:03:00]} Kh8 {[%clk 0:53:00]}
15. Qb3 {[%clk 1:02:00]} g5 {[%clk 0:51:00]} 16. f4 {[%clk 0:47:00]} gxf4 {[%clk
0:48:00]} 17. exf4 {[%clk 0:45:00]} Rb8 {[%clk 0:40:00]} 18. Bb2 {[%clk 0:37:00]}
Nd7 {[%clk 0:32:00]} 19. fxe5 {[%clk 0:32:00]} dxe5 {[%clk 0:31:00]} 20. d4
{[%clk 0:33:00]} exd4 {[%clk 0:27:00]} 21. Bxd4 {[%clk 0:31:00]} Ng6 {[%clk
0:25:00]} 22. Bxg7+ {[%clk 0:27:00]} Kxg7 {[%clk 0:26:00]} 23. Nd4 {[%clk
0:27:00]} Nc5 {[%clk 0:25:00]} 24. Qb2 {[%clk 0:27:00]} Kg8 {[%clk 0:22:00]} 25.
Nxf5 {[%clk 0:27:00]} Rf6 {[%clk 0:21:00]} 26. Nh6+ {[%clk 0:27:00]} Kg7 {[%clk
0:22:00]} 27. Ng4 {[%clk 0:27:00]} Nd7 {[%clk 0:22:00]} 28. Rxf6 {[%clk 0:26:00]}
Nxf6 {[%clk 0:22:00]} 29. Rf1 {[%clk 0:27:00]} h5 {[%clk 0:21:00]} 30. Nxf6
{[%clk 0:27:00]} 1-0

[Event "Campeonato España Sub 16"]
[Site "Salobreña"]
[Date "2017.07.24"]
[Round "2"]
[White "Sanchez Serrano, Emilio"]
[Black "Ortin Blanco, Inigo"]
[Result "0-1"]
[Board "19"]
[WhiteClock "1:30"]
[WhiteElo "1928"]
[WhiteCountry "ESP"]
[WhiteFideId "32051174"]
[WhiteEloChange "-6"]
[BlackClock "1:30"]
[BlackElo "2090"]
[BlackCountry "ESP"]
[BlackFideId "32010125"]
[BlackEloChange "6"]

1. d4 {[%clk 1:30:00]} Nf6 {[%clk 1:30:00]} 2. c4 {[%clk 1:31:00]} e6 {[%clk
1:31:00]} 3. Nf3 {[%clk 1:31:00]} d5 {[%clk 1:30:00]} 4. g3 {[%clk 1:32:00]} Be7
{[%clk 1:29:00]} 5. Bg2 {[%clk 1:32:00]} O-O {[%clk 1:29:00]} 6. O-O {[%clk
1:32:00]} dxc4 {[%clk 1:29:00]} 7. Qc2 {[%clk 1:33:00]} a6 {[%clk 1:29:00]} 8. a4
{[%clk 1:33:00]} Bd7 {[%clk 1:26:00]} 9. Qxc4 {[%clk 1:29:00]} Bc6 {[%clk
1:26:00]} 10. Nc3 {[%clk 1:26:00]} b5 {[%clk 1:16:00]} 11. Qb3 {[%clk 1:17:00]}
b4 {[%clk 1:15:00]} 12. Nb1 {[%clk 1:16:00]} Bd5 {[%clk 1:15:00]} 13. Qd3 {[%clk
1:15:00]} Be4 {[%clk 1:12:00]} 14. Qb3 {[%clk 1:10:00]} Nc6 {[%clk 1:10:00]} 15.
Nbd2 {[%clk 1:02:00]} Na5 {[%clk 0:46:00]} 16. Qe3 {[%clk 1:02:00]} Bb7 {[%clk
0:45:00]} 17. b3 {[%clk 0:49:00]} c5 {[%clk 0:27:00]} 18. Bb2 {[%clk 0:40:00]}
cxd4 {[%clk 0:27:00]} 19. Qxd4 {[%clk 0:37:00]} Qxd4 {[%clk 0:26:00]} 20. Bxd4
{[%clk 0:37:00]} Bd5 {[%clk 0:25:00]} 21. Ne5 {[%clk 0:32:00]} Bxg2 {[%clk
0:20:00]} 22. Kxg2 {[%clk 0:33:00]} Rfd8 {[%clk 0:20:00]} 23. e3 {[%clk 0:26:00]}
Nd5 {[%clk 0:20:00]} 24. Nec4 {[%clk 0:21:00]} Nc6 {[%clk 0:16:57]} 25. Bb2
{[%clk 0:20:00]} Nc3 {[%clk 0:16:45]} 26. Rac1 {[%clk 0:10:44]} Bf6 {[%clk
0:16:22]} 27. Nf3 {[%clk 0:05:47]} Ra7 {[%clk 0:14:16]} 28. Rfe1 {[%clk 0:05:20]}
Rad7 {[%clk 0:12:19]} 29. e4 {[%clk 0:05:43]} Nd4 {[%clk 0:09:22]} 30. Bxc3
{[%clk 0:03:29]} Nxf3 {[%clk 0:09:02]} 31. Kxf3 {[%clk 0:03:10]} Bxc3 {[%clk
0:05:53]} 32. Re3 {[%clk 0:03:10]} Rd1 {[%clk 0:02:58]} 33. Rxd1 {[%clk 0:03:19]}
Rxd1 {[%clk 0:03:23]} 34. Na5 {[%clk 0:02:42]} Bd4 {[%clk 0:02:16]} 35. Re2
{[%clk 0:02:55]} Rd3+ {[%clk 0:02:42]} 36. Kg2 {[%clk 0:03:04]} Rc3 {[%clk
0:02:40]} 37. Rd2 {[%clk 0:03:01]} e5 {[%clk 0:03:05]} 38. f4 {[%clk 0:01:59]} f6
{[%clk 0:03:19]} 39. Kf1 {[%clk 0:01:48]} Kf7 {[%clk 0:03:17]} 40. f5 {[%clk
0:01:16]} g6 {[%clk 0:02:22]} 41. g4 {[%clk 0:00:55]} Rf3+ {[%clk 0:02:45]} 42.
Ke2 {[%clk 0:00:56]} Re3+ {[%clk 0:03:00]} 43. Kd1 {[%clk 0:00:43]} Rxe4 {[%clk
0:03:25]} 44. h3 {[%clk 0:00:36]} Re3 {[%clk 0:03:47]} 45. Nc6 {[%clk 0:00:49]}
Rxb3 {[%clk 0:03:25]} 46. Nxd4 {[%clk 0:00:59]} exd4 {[%clk 0:03:46]} 47. Rxd4
{[%clk 0:01:25]} gxf5 {[%clk 0:02:54]} 48. gxf5 {[%clk 0:01:47]} Rf3 {[%clk
0:02:47]} 49. Rxb4 {[%clk 0:01:28]} Rxf5 {[%clk 0:03:11]} 50. Ke2 {[%clk
0:01:32]} Kg6 {[%clk 0:03:25]} 51. Rb6 {[%clk 0:00:38]} a5 {[%clk 0:02:37]} 52.
Rb5 {[%clk 0:00:44]} Re5+ {[%clk 0:03:02]} 53. Kf3 {[%clk 0:00:36]} Kf5 {[%clk
0:03:26]} 54. Kg3 {[%clk 0:00:33]} Rxb5 {[%clk 0:03:26]} 55. axb5 {[%clk
0:00:57]} Ke5 {[%clk 0:03:37]} 56. b6 {[%clk 0:00:47]} Kd6 {[%clk 0:04:03]} 57.
Kf4 {[%clk 0:00:37]} a4 {[%clk 0:04:03]} 0-1